000 00841na a2200277 4500
001 21136
003 MIRAKIL
005 20181213155120.0
008 170201b tu 000 0
035 _a21136
040 _aMilas
_btur
_cTR-AnCHP
041 _atur
082 _a324.2382
_bA22ü 2005
090 _a324.2382 A22ü 2005
110 _aAdalet ve Kakınma Partisi (AKP)
245 _aÜç yılda Ak Parti farkı
_cAk Parti
260 _aAnkara
_bAKP
_c2005
300 _a47 s.
_c21 sm.
500 _aDış kapakta: Herşey Türkiye için
610 _aAKP
_xTanıtım
_yBroşürler
610 _aAKP
_xPropaganda ve ideolojiler
650 _aSiyasal partiler
_xParti türleri
_yDinci partiler
_zTürkiye
710 _aAk Parti Tanıtım ve Medya Başkanlığı
830 _aAdalet ve Kalkınma Partisi
942 _2ddc
_cBKS
999 _c6800
_d6800